Socialističeskij obraz žizni.

Uložené v:
Podrobná bibliografia
Hlavný autor: Šinkaruk, V.I
Médium: Kniha
Jazyk:Slovak
Vydané: 1985.
Tagy: Pridať tag
Žiadne tagy, Buďte prvý kto otaguje tento záznam!

MARC

LEADER 00000nam a22000004a 4500
001 000525926
005 20161031085113.0
008 161031s1985 xo e 000 0 slo d
040 |a SVKKK  |b slo  |c SVKKK  |e AACR2 
100 1 |a Šinkaruk, V.I. 
245 1 0 |a Socialističeskij obraz žizni. 
260 |c 1985. 
500 |a Záznam revízie 
910 |a svkkk 
998 |a BK 
090 |g SCKHL  |k Sklad Hlavná 10 prízemie  |a I.57374  |j 753247  |i 2720389816  |s Absenčne